000 00209nam a2200097Ia 4500
008 240331s9999 xx 000 0 und d
082 _bYOG
100 _aYoganathan, C
245 0 _aPenkalum cinemavum
942 _cL
999 _c1400
_d1400